000 00695nam a2200157 a 4500
001 000030536
005 20200930062351.0
008 110523s1936 dr c 000 | spa d
040 _aDO-SdBNP
_bspa
_cBNPHU
082 _axxx
_bR426d
110 1 _aRepública Dominicana.
_bPresidente (1930-1938 : Trujillo Molina)
_957161
245 1 0 _aDiscursos pronunciados por su excelencia el generalísimo Doctor Rafael Leonidas Trujillo Molina, Presidente de la República Dominicana, y su excelencia el Doctor Stenio Vincent, Presidente de la República de Haití.
260 _aCiudad Trujillo, República Dominicana :
_bEditorial La Nación,
_c1936.
300 _a18 p. :
_bretr. ;
_c19 cm.
049 _aBNPD
999 _c30028
_d30028